000 00448nam a2200181Ia 4500
005 20240823013612.0
008 240823s9999||||xx |||||||||||||| ||und||
041 _aENGLISH
082 _A621.3822 P4
100 _aChitode J S
245 0 _aDigital Signal Processing : Sem V (IT)
250 _a1st
260 _c2004
_b"Technical,Ch"
_aPune
500 _aYES
650 _aSignal Processing
_bInstrumentation
942 _cBK
999 _c167694
_d167694